<?xml version="1.0" encoding="UTF-8"?>
<record
    xmlns:xsi="http://www.w3.org/2001/XMLSchema-instance"
    xsi:schemaLocation="http://www.loc.gov/MARC21/slim http://www.loc.gov/standards/marcxml/schema/MARC21slim.xsd"
    xmlns="http://www.loc.gov/MARC21/slim">

  <leader>04214nam a22003614a 4500</leader>
  <controlfield tag="008">                                        </controlfield>
  <datafield tag="020" ind1=" " ind2=" ">
    <subfield code="a">0323012132 (paperback)</subfield>
  </datafield>
  <datafield tag="040" ind1=" " ind2=" ">
    <subfield code="a">NUST</subfield>
    <subfield code="c">NUST</subfield>
  </datafield>
  <datafield tag="049" ind1=" " ind2=" ">
    <subfield code="a">MAIN</subfield>
  </datafield>
  <datafield tag="090" ind1="0" ind2="0">
    <subfield code="a">QR46.M4683 MED</subfield>
  </datafield>
  <datafield tag="245" ind1="0" ind2="0">
    <subfield code="a">Medical microbiology /</subfield>
    <subfield code="c">Patrick R. Murray ; Ken S Rosenthal ; George S Kobayashi &amp; Michael A Pfaller.</subfield>
  </datafield>
  <datafield tag="250" ind1=" " ind2=" ">
    <subfield code="a">Fourth edition</subfield>
  </datafield>
  <datafield tag="260" ind1=" " ind2=" ">
    <subfield code="a">St. Louis :</subfield>
    <subfield code="b">Mosby,</subfield>
    <subfield code="c">c2002</subfield>
  </datafield>
  <datafield tag="300" ind1=" " ind2=" ">
    <subfield code="a">x, 826 pages :</subfield>
    <subfield code="b">illustrations (some colour) ;</subfield>
    <subfield code="c">28 cm.</subfield>
  </datafield>
  <datafield tag="336" ind1=" " ind2=" ">
    <subfield code="a">text</subfield>
    <subfield code="b">txt</subfield>
    <subfield code="2">rdacontent</subfield>
  </datafield>
  <datafield tag="337" ind1=" " ind2=" ">
    <subfield code="a">unmediated</subfield>
    <subfield code="b">n</subfield>
    <subfield code="2">rdamedia</subfield>
  </datafield>
  <datafield tag="338" ind1=" " ind2=" ">
    <subfield code="a">volume</subfield>
    <subfield code="b">nc</subfield>
    <subfield code="2">rdacarrier</subfield>
  </datafield>
  <datafield tag="500" ind1=" " ind2=" ">
    <subfield code="a">Includes index.</subfield>
  </datafield>
  <datafield tag="504" ind1=" " ind2=" ">
    <subfield code="a">Includes bibliographical references.</subfield>
  </datafield>
  <datafield tag="505" ind1="0" ind2=" ">
    <subfield code="a">1. Introduction to medical microbiology -- Sect. I. Basic principles of medical microbiology -- 2. Bacterial classification -- 3. Bacterial morphology and cell wall structure and synthesis -- 4. Bacterial metabolism and growth -- 5. Bacterial genetics -- 6. Viral classification, structure, and replication -- 7. Fungal classification, structure, and replication -- 8. Parasitic classification, structure, and replication -- 9. Commensal and pathogenic microbial flora in humans -- 10. Sterilization, disinfection, and antisepsis -- Sect. II.  Basic concepts in the immune response -- 11. Elements of host protective responses -- 12. The humoral immune response -- 13. Cellular immune responses -- 14. Immune responses to infectious agents -- 15. Antimicrobial vaccines -- Sect. III. General principles of laboratory diagnosis -- 16. Microscopic principles and applications -- 17. Molecular diagnosis -- 18. Serologic diagnosis -- Sect. IV. Bacteriology -- 19. Mechanisms of bacterial pathogenesis -- 20. Antibacterial agents -- 21. Laboratory diagnosis of bacterial diseases -- 22. Staphylococcus and related organisms -- 23. Streptococcus -- 24. Enterococcus and other gram-positive cocci - 25. Bacillus -- 26. Listeria and Erysipelothrix -- 27. Corynebacterium and other gram-positive bacilli -- 28. Neisseria -- 29. Enterobacteriaceae -- 30. Vibrio, Aeromonas, and Plesimonas -- 31. Campylobacter and Heliobacter -- 32. Pseudomonas and related organisms -- 33. Bordetella, Francisella, and Brucella -- 34. Pasteurellaceae -- 35. Miscellaneous gram-negative bacilli -- 36. Anaerobic gram-positive cocci and none-spore forming bacilli -- 37. Clostridium -- 38. Anaerobic gram-negative bacilli -- 39. Nocardia, Rhodococcus, and related Actinomycetes -- 40. Mycobacterium -- 41. Treponema, Borrelia, and Leptospira -- 42. Mycoplasma and Ureaplasma -- 43. Rickettsia, Orientia, Ehrlichia, and Coxiella -- 44. Chlamydiaceae -- 45. Role of bacteria in disease -- Sect. V. Virology -- 46. Mechanisms of viral pathogenesis -- 47. Antiviral agents -- 48. Laboratory diagnosis of viral diseases -- 49. Papovaviruses -- 50. Adenoviruses -- 51. Human herpesviruses -- 52. Poxviruses -- 53. Parvoviruses -- 54. Picornaviruses -- 55. Paramyxoviruses -- 56. Orthomyxoviruses -- 57. Reoviruses -- 58. Rhabdoviruses -- 59. Togaviruses and flaviviruses -- 60. Bunyaviridae -- 61. Retroviruses -- 62. Hepatitis viruses -- 63. Unconventional slow viruses: prions -- 64. Miscellaneous viruses -- 65. Role of viruses in disease -- Sect. VI. Mycology -- 66. Mechanisms of fungal pathogenesis -- 67. Antifungal agents -- 68. Laboratory diagnosis of fungal diseases -- 69. Superficial, cutaneous, and subcutaneous mycoses -- 70. Systemic mycoses -- 71. Opportunistic mycoses -- Sect. VII. Parasitology -- 72. Pathogenesis of parasitic disease -- 73. Antiparasitic agents -- 74. Laboratory diagnosis of parasitic disease -- 75. Intestinal and urogenital protozoa -- 76. Blood and tissue protozoa -- 77. Nematodes -- 78. Trematodes -- 79. Cestodes -- 80. Arthropods -- Index.</subfield>
  </datafield>
  <datafield tag="650" ind1=" " ind2="0">
    <subfield code="a">Medical microbiology.</subfield>
  </datafield>
  <datafield tag="650" ind1="1" ind2="2">
    <subfield code="a">Microbiology.</subfield>
  </datafield>
  <datafield tag="650" ind1="2" ind2="2">
    <subfield code="a">Microbiological Techniques.</subfield>
  </datafield>
  <datafield tag="650" ind1="2" ind2="2">
    <subfield code="a">Parasitology.</subfield>
  </datafield>
  <datafield tag="700" ind1="1" ind2=" ">
    <subfield code="a">Murray, Patrick R.,</subfield>
    <subfield code="a">author.</subfield>
  </datafield>
  <datafield tag="700" ind1=" " ind2=" ">
    <subfield code="a">Rosenthal, Ken S.,</subfield>
    <subfield code="a">author.</subfield>
  </datafield>
  <datafield tag="700" ind1=" " ind2=" ">
    <subfield code="a">Kobayashi, George S.,</subfield>
    <subfield code="a">author.</subfield>
  </datafield>
  <datafield tag="700" ind1=" " ind2=" ">
    <subfield code="a">Pfaller, Michael A.,</subfield>
    <subfield code="a">author.</subfield>
  </datafield>
  <datafield tag="907" ind1=" " ind2=" ">
    <subfield code="a">.b10240366</subfield>
    <subfield code="b">22-10-21</subfield>
    <subfield code="c">24-04-07</subfield>
  </datafield>
  <controlfield tag="003"></controlfield>
  <controlfield tag="005">20230123134429.0</controlfield>
  <datafield tag="942" ind1=" " ind2=" ">
    <subfield code="c">BOOKS</subfield>
    <subfield code="k">QR46.M4683 MED</subfield>
  </datafield>
  <datafield tag="999" ind1=" " ind2=" ">
    <subfield code="c">165804</subfield>
    <subfield code="d">165804</subfield>
  </datafield>
  <datafield tag="952" ind1=" " ind2=" ">
    <subfield code="r">2023-01-23 00:00:00</subfield>
    <subfield code="l">41</subfield>
    <subfield code="o">QR46.M4683 MED</subfield>
    <subfield code="p">92004006541</subfield>
    <subfield code="v">80.00</subfield>
    <subfield code="w">2023-01-23</subfield>
    <subfield code="y">BOOKS</subfield>
    <subfield code="1">0</subfield>
    <subfield code="2">lcc</subfield>
    <subfield code="4">0</subfield>
    <subfield code="7">0</subfield>
    <subfield code="8">NFIC</subfield>
    <subfield code="0">0</subfield>
    <subfield code="a">MAIN</subfield>
    <subfield code="b">MAIN</subfield>
    <subfield code="c">GEN</subfield>
    <subfield code="d">2023-01-23</subfield>
    <subfield code="g">80.00</subfield>
  </datafield>
</record>
